| 000 | 01297cam a2200337 a 4500 | ||
|---|---|---|---|
| 999 |
_c532421 _d532421 |
||
| 001 | 14128673 | ||
| 003 | NUST | ||
| 005 | 20191120120619.0 | ||
| 008 | 050907s2004 ag a b 000 0 spa | ||
| 010 | _a 2005479113 | ||
| 020 | _a9871171072 | ||
| 035 | _a(AR-BaFGC)1324320000 | ||
| 038 | _awaseem | ||
| 040 |
_aDLC _cDLC _dDLC |
||
| 042 | _apcc | ||
| 043 | _as-ag--- | ||
| 050 | 0 | 0 |
_aF3011.N48 _bN48 2004 |
| 082 | 0 | 0 |
_a982.72 _bNEU |
| 245 | 0 | 0 |
_aNeuquén : _bcien años de historia / _cGrupo de Estudios de Historia Social (GEHiSo) de la Universidad Nacional del Comahue ; directores Enrique Mases, María Beatriz Gentile y Gabriel Rafart. |
| 260 |
_aGeneral Roca, Río Negro [Argentina] : _bEditorial Río Negro, _c[2004] |
||
| 300 |
_a145 p. : _bill. ; _c21 x 26 cm. |
||
| 504 | _aIncludes bibliographical references (p. 141-142). | ||
| 651 | 0 |
_aNeuquén (Argentina) _xHistory. _925932 |
|
| 700 | 1 |
_aMasés, Enrique. _925933 |
|
| 700 | 1 |
_aGentile, María Beatriz. _925934 |
|
| 700 | 1 |
_aRafart, Gabriel. _925935 |
|
| 710 | 2 |
_aUniversidad Nacional del Comahue. _bGrupo de Estudios de Historia Social. _925936 |
|
| 906 |
_a7 _bcbc _corigres _d3 _encip _f20 _gy-gencatlg |
||
| 942 |
_2ddc _cBK |
||